| 000 | 00646nam a2200241Ia 4500 | ||
|---|---|---|---|
| 008 | 160404s9999 xx 000 0 und d | ||
| 020 | _a971-08-6854-3 | ||
| 050 | _aFIL HF 5635 | ||
| 050 | _b.H47 2008 | ||
| 100 | _aHerrero, Carmen C. | ||
| 245 | _aAccounting principles 3 : | ||
| 245 | _btextbook / workbook / | ||
| 245 | _cCarmern C. Herrero, Amelia M. Argando. | ||
| 250 | _a4th Edition | ||
| 260 | _aMandaluyong: | ||
| 260 | _bNational Book Store, | ||
| 260 | _c2008 | ||
| 300 | _a262 pages : | ||
| 300 | _billustrations ; | ||
| 300 | _c25 cm. | ||
| 650 | _aAccounting. | ||
| 650 | _xAccounting -- Problems, exercises, etc. | ||
| 999 |
_c293218 _d293218 |
||